Statistiques concernant Quartiers de Rennes

Cliquez ici pour prendre le quiz!

Statistiques générales

  • Ce quiz a été pris 445 fois
  • Le résultat moyen est 5 sur 12

Statistiques - réponses

Unité administrativeQuartier% Correct
Nord-OuestVillejean - Beauregard
89%
Sud-EstLe Blosne
59%
Nord-EstMaurepas - Patton
58%
Sud-EstFrancisco Verrer - Vern - Poterie
56%
OuestCleunay - Arsenal-Redon
54%
Nord-EstJeanne d'Arc - Longs-Champs - Atalante Beaulieu
52%
Sud-OuestBréquigny
42%
CentreThabor - Saint Hélier - Alphonse Guérin
41%
CentreCentre
39%
Nord-OuestNord - Saint-Martin
29%
OuestBourg l'Évesque - La Touche - Moulin du Comte
17%
Sud-OuestSud-Gare
15%

Distribution des résultats

Percentile par nombre de réponses

% des personnes avec chaque résultat

Votre développement - résultats

Vous n’avez pas pris ce quiz